|
|
|
|
| LEADER |
00000nab a2200000 a 4500 |
| 001 |
vtls010557162 |
| 003 |
SK-MaSNL |
| 005 |
20260304112528.0 |
| 008 |
131108 2013 xo m n 000 0 slo |
| 038 |
|
|
|a PPPK
|
| 040 |
|
|
|a PPPKCL
|b slo
|c PPPKCL
|e AACR2
|
| 041 |
|
|
|a slo
|
| 044 |
|
|
|a xo
|c SK
|
| 080 |
|
|
|a 338.45
|x (437.6)
|2 2001
|
| 080 |
|
|
|a 334.716
|x (437.6)
|2 2001
|
| 080 |
|
|
|a 796.325.093
|2 2001
|
| 100 |
1 |
|
|a Potočná, Eva
|4 aut
|9 324088
|
| 245 |
1 |
0 |
|a Položený kameň novej tradície Volleycup PP
|c Eva Potočná ; Foto: Michal Benčík a Andrea Tichá
|
| 300 |
|
|
|b Fotogr.
|
| 610 |
2 |
7 |
|a Chemosvit (Svit, Slovensko)
|2 pppkcl
|9 269229
|
| 611 |
2 |
7 |
|a Volleycup PP
|n (1. :
|d 2013 :
|c Svit, Slovensko)
|2 pppkcl
|9 1414490
|
| 650 |
0 |
7 |
|a priemysel
|2 pppkcl
|9 1618
|
| 650 |
0 |
7 |
|a priemyselné podniky
|2 pppkcl
|9 2346
|
| 650 |
0 |
7 |
|a volejbal
|2 pppkcl
|9 3294
|
| 651 |
|
7 |
|a Svit (Slovensko)
|x šport
|2 pppkcl
|9 1035219
|
| 651 |
|
7 |
|a Poprad (Slovensko : okres)
|2 pppkcl
|9 28675
|
| 700 |
1 |
|
|a Benčík, Michal
|4 pht
|9 245246
|
| 700 |
1 |
|
|a Tichá, Andrea
|4 pht
|9 326640
|
| 773 |
0 |
|
|t Chemosvit
|g Roč. 39, č. 6 (2013), s. 10-11
|
| 852 |
|
|
|a PPPK
|b KIS3GCP
|
| 999 |
|
|
|c 2866138
|d 2868068
|